000 00458nam a22001697a 4500
005 20160520140146.0
008 160520b xxu||||| |||| 00| 0 eng d
020 _a978-81-89928-37-5
041 _aeng
082 _b3583
100 _aKhanna O.P.
_9884
245 _aA text book of material Science and Metallurgy
260 _aNew Delhi
_bDhanpat Rai Publising Co. Pvt. Ltd.
_c1999
300 _a58-17
650 _aDIPLOMA ENGINEERING
_9817
942 _cBK
999 _c1212
_d1212